000 00293nam a22001337a 4500
008 170928b xxu||||| |||| 00| 0 eng d
020 _a9780138620202
041 _aeng
080 _a37
100 _a46
101 _aEDU
245 _aWRITING THAT MATTERS
_cPFEFFERLE, W.T
942 _2udc
_cBK
999 _c30331
_d30331